| 000 | 00340nam a2200133Ia 4500 | ||
|---|---|---|---|
| 005 | 20251222140055.0 | ||
| 008 | 251222s1900||||xx |||||||||||||| ||spa|| | ||
| 082 | _a140/A46 | ||
| 100 | _a Althusser, Louis | ||
| 245 | 0 | _aLa Filosofía como Arma de la Revolución | |
| 250 | _a4a.ed. | ||
| 264 | _bCuaderno de Pasado y Presente | ||
| 942 | _cLIB | ||
| 999 |
_c3731 _d3731 |
||